| 000 | 00867nab a22002057a 4500 | ||
|---|---|---|---|
| 999 |
_c6504 _d6504 |
||
| 003 | OSt | ||
| 005 | 20260213122528.0 | ||
| 008 | 190429b xxu||||| |||| 00| 0 spa d | ||
| 040 | _cPJ | ||
| 100 |
_97113 _aMartínez, Lucila B. |
||
| 245 | 1 | 0 |
_aEl control de la actividad fiscal desincriminante a pedido de la víctima. ¿"Quiroga", otra vez? /
_cLucila B. Martínez. |
| 260 |
_cCiudad Autónoma de Buenos Aires : _aThomson Reuters La Ley, _b2024. |
||
| 300 | _ap. 134-150 | ||
| 500 | _aCita: TR LALEY AR/DOC/2375/2023. | ||
| 505 | _tSi te interesa el texto completo, solicitalo a koha@justierradelfuego.gov.ar | ||
| 650 | 0 |
_9343 _aDERECHO PENAL |
|
| 650 | 0 |
_92348 _aPROCESO PENAL |
|
| 773 | 0 |
_02658 _93164 _tRevista de derecho penal y criminología. Nº 7 - Junio 2024 _dCiudad Autónoma de Buenos Aires : Thomson Reuters La Ley, 2017- _x00347914 |
|
| 942 |
_2udc _cANA |
||